| 000 -LEADER |
| fixed length control field |
00612cam a2200229 a 4500 |
| 001 - CONTROL NUMBER |
| control field |
15373 |
| 003 - CONTROL NUMBER IDENTIFIER |
| control field |
BD-DhUAP |
| 005 - DATE AND TIME OF LATEST TRANSACTION |
| control field |
20200202093242.0 |
| 008 - FIXED-LENGTH DATA ELEMENTS--GENERAL INFORMATION |
| fixed length control field |
200202t20081962ii 000 0 eng |
| 020 ## - INTERNATIONAL STANDARD BOOK NUMBER |
| Terms of availability |
9788175342897 |
| 040 ## - CATALOGING SOURCE |
| Original cataloging agency |
DLC |
| Transcribing agency |
DLC |
| Modifying agency |
BD-DhUAP |
| Language of cataloging |
eng |
| 043 ## - GEOGRAPHIC AREA CODE |
| Geographic area code |
a-bg--- |
| 082 00 - DEWEY DECIMAL CLASSIFICATION NUMBER |
| Classification number |
340.11 CAR |
| Edition number |
23 |
| 100 ## - MAIN ENTRY--PERSONAL NAME |
| Personal name |
Cardozo, Benjamin N. |
| 245 00 - TITLE STATEMENT |
| Title |
The growth of the law / |
| Statement of responsibility, etc. |
Benjamin N. Cardozo. |
| 260 ## - PUBLICATION, DISTRIBUTION, ETC. |
| Place of publication, distribution, etc. |
New Dehi : |
| Name of publisher, distributor, etc. |
Universal, |
| Date of publication, distribution, etc. |
c1962 [Reprinted 2008]. |
| 300 ## - PHYSICAL DESCRIPTION |
| Extent |
xvi, 154 pages ; |
| Dimensions |
23 cm. |
| 650 ## - SUBJECT ADDED ENTRY--TOPICAL TERM |
| Topical term or geographic name entry element |
Law |
| General subdivision |
Philosophy. |
| 650 ## - SUBJECT ADDED ENTRY--TOPICAL TERM |
| Topical term or geographic name entry element |
Jurisprudence. |
| 650 ## - SUBJECT ADDED ENTRY--TOPICAL TERM |
| Topical term or geographic name entry element |
Law. |
| 942 ## - ADDED ENTRY ELEMENTS (KOHA) |
| Source of classification or shelving scheme |
|
| Koha item type |
Book |